ARRUPE JESUIT UNIVERSITY

CORONAVIRUS -STOP THE SPREAD - CLEAN,DISINFECT,COVER

Blaming the victims (Record no. 99506)

MARC details
000 -LEADER
fixed length control field 00543nam a2200217Ia 4500
003 - CONTROL NUMBER IDENTIFIER
control field 0100
008 - FIXED-LENGTH DATA ELEMENTS--GENERAL INFORMATION
fixed length control field 130307s9999 xx 000 0 und d
040 ## - CATALOGING SOURCE
Transcribing agency ARRUPELIB
050 ## - LIBRARY OF CONGRESS CALL NUMBER
Classification number DS119.7.B5765 2001
300 ## - PHYSICAL DESCRIPTION
Other physical details 22cm
245 ## - TITLE STATEMENT
Title Blaming the victims
245 ## - TITLE STATEMENT
Remainder of title spurious scholarship and the Palestinian question
260 ## - PUBLICATION, DISTRIBUTION, ETC. (IMPRINT)
Place of publication, distribution, etc London
260 ## - PUBLICATION, DISTRIBUTION, ETC. (IMPRINT)
Name of publisher, distributor, etc Verso
260 ## - PUBLICATION, DISTRIBUTION, ETC. (IMPRINT)
Date of publication, distribution, etc 1988
300 ## - PHYSICAL DESCRIPTION
Extent 296p.
650 ## - SUBJECT ADDED ENTRY--TOPICAL TERM
Topical term following geographic name as entry element Catholic church--Relations
650 ## - SUBJECT ADDED ENTRY--TOPICAL TERM
Location of event Church--Unity
700 ## - ADDED ENTRY--PERSONAL NAME
Personal name Said, Edward W ; Hitchens, Christopher
942 00 - ADDED ENTRY ELEMENTS (KOHA)
Koha issues (borrowed), all copies 2
Holdings
Withdrawn status Lost status Source of classification or shelving scheme Damaged status Not for loan Collection code Home library Current library Shelving location Date acquired Total Checkouts Full call number Barcode Date last seen Date checked out Copy number Price effective from Koha item type
    Library of Congress Classification     Main Collection ARRUPE LIBRARY ARRUPE LIBRARY   07/03/2013 2 DS119.7.B5765 2001 46003043102 04/12/2017 23/03/2015 1 07/03/2013 Monograph ( Printed materials)

 

Arrupe Library. PO Box MP320 Mt Pleasant, Harare, Zimbabwe
263 242 745411|librarian@aju.ac.zw